Proposta per a la delimitació de districtes en el municipi de Rubí / projecte d'estudi elaborat per l'Institut d'Estudis Regional [sic] i Metropolitans de Barcelona a demanda del Centre de Participació Ciutadana de la Diputació de Barcelona
Descripción Física:
4 f. ; 29 cm
Materias:
Barris -- Rubí
MARC
| LEADER | 00000nam a2200000Ia 4500 | ||
|---|---|---|---|
| 001 | 22475 | ||
| 003 | BGR | ||
| 005 | 20260324180132.0 | ||
| 008 | 160829s2004 xx 000 0 cat d | ||
| 080 | |a FU-55-17 | ||
| 245 | |a Proposta per a la delimitació de districtes en el municipi de Rubí / projecte d'estudi elaborat per l'Institut d'Estudis Regional [sic] i Metropolitans de Barcelona a demanda del Centre de Participació Ciutadana de la Diputació de Barcelona | ||
| 260 | |a Barcelona : |b l'Institut, |c 2004 | ||
| 300 | |a 4 f. ; |c 29 cm | ||
| 590 | |a A la coberta: Projecte. | ||
| 590 | |a Prové de G-231 | ||
| 650 | |a Barris |x Rubí |9 47407 | ||
| 710 | |a Institut d'Estudis Regionals i Metropolitans de Barcelona |9 17648 | ||
| 710 | 1 | |a Barcelona (Catalunya : Província). |b Diputació |9 52408 | |
| 901 | |a Arxiu | ||
| 942 | |n 1 |2 udc |c MON | ||
| 952 | |0 0 |1 0 |4 0 |6 FU5517 |7 1 |9 53865 |a Arxiu |b Arxiu |d 2016-12-01 |l 0 |o FU-55-17 |p 22475 |r 2016-12-01 00:00:00 |w 2016-12-01 |y ARXIU | ||
| 999 | |c 57731 |d 57731 | ||